Loading...
Science - Biology | 0 | 2 | 1 | 0 | 15 | 70 | 93.50 | 0 | 1 |
History - American History | 0 | 1 | 0 | 0 | 10 | 103 | 103.00 | 0 | 0 |
History - Other History | 0 | 1 | 0 | 0 | 10 | 120 | 120.00 | 0 | 0 |
History - World History | 0 | 1 | 0 | 0 | 10 | 80 | 80.00 | 0 | 1 |
Literature - British Literature | 0 | 1 | 0 | 0 | 10 | 99 | 99.00 | 0 | 1 |
Literature - European Literature | 0 | 1 | 0 | 1 | 10 | 144 | 144.00 | 0 | 0 |
Current Events | 0 | 1 | 0 | 0 | 10 | 129 | 129.00 | 0 | 0 |
Fine Arts - Painting & Sculpture | 0 | 0 | 0 | 0 | 0 | 0.00 | 0 | 0 | |
Science - Physics | 0 | 0 | 0 | 0 | 0 | 0.00 | 0 | 0 | |
Other Academic | 0 | 0 | 1 | 0 | -5 | 0.00 | 0 | 0 | |
Religion | 0 | 0 | 1 | 0 | -5 | 0.00 | 0 | 0 | |
Social Science | 0 | 0 | 1 | 0 | -5 | 0.00 | 0 | 0 |